01352nam a2200301 i 4500001000700000003000700007005001700014008004100031020001800072080002000090080001900110100003600129245012000165250001200285260005800297300005600355490002900411500003900440500001400479505020800493600003600701650005000737700003100787830003700818852005300855999001900908952012300927185471SpMaBN20250829063132.0160608s2000 sp bf |||| |bspa d a84-7651-862-5 a929 Cook, James a910.4(100)"17"1 aCook, James,d1728-1779912656914aLos tres viajes alrededor del mundo b: diarios de 1768 a 1780 /cJames Cook ; presentación de Christopher Lloyd. a4ª ed. aPalma de Mallorca : bJosé J. de Olañeta, c2000. a418, [32] p. de lám., [12] p. de mapas ; c21 cm.1 aTerra incógnita ; v12 aGlosario de términos náuticos. aÍndice.8 aContiene: ; tPrimer viaje: diarios de 1768 a 1771 ; tSegundo viaje: diarios de 1772 a 1775 / r[traducidos por Mateu Grimalt]. -- tTercer viaje: diarios de 1776 a 1780 / r[traducidos por Jaume Pomar]14aCook, James,d1728-17799126569 7aViajes alrededor del mundo-yS.XVIII.91598091 aLloyd, Christopher.9729500 aTerra incógnita ; v129192333 aES-MaACLjL-30360 z. - Donat. Miguel A. Velasco c185471d185471 00104070aATENEOMbATENEOMcDEPO2d2016-06-08eDONl0oL-30360p1195409r2023-02-23 00:00:00w2023-02-23yMONOGRAFIA